Disney Animated Films by Year - Statistics

General Stats
  • This quiz has been taken 657 times
  • The average score is 30 of 57
Answer Stats
Hint Answer % Correct
1937 Snow White and the Seven Dwarfs
97%
1950 Cinderella
93%
2013 Frozen
89%
1959 Sleeping Beauty
88%
1991 Beauty and the Beast
84%
1998 Mulan
83%
1989 The Little Mermaid
83%
1992 Aladdin
81%
1994 The Lion King
79%
2010 Tangled
77%
1995 Pocahontas
75%
1940 Fantasia
74%
1940 Pinocchio
74%
1941 Dumbo
71%
2009 The Princess and the Frog
71%
1953 Peter Pan
68%
1967 The Jungle Book
68%
1942 Bambi
66%
1961 One Hundred and One Dalmatians
65%
1997 Hercules
63%
1955 Lady and the Tramp
63%
2016 Moana
62%
1970 The Aristocats
62%
1999 Tarzan
59%
1973 Robin Hood
58%
1977 The Rescuers
55%
1951 Alice in Wonderland
54%
1996 The Hunchback of Notre Dame
54%
1963 The Sword in the Stone
54%
2012 Wreck-It Ralph
51%
1981 The Fox and the Hound
50%
2002 Lilo & Stitch
49%
2011 Winnie the Pooh
45%
2014 Big Hero 6
43%
1999 Fantasia 2000
42%
1988 Oliver & Company
40%
2000 The Emperor's New Groove
40%
1990 The Rescuers Down Under
39%
1985 The Black Cauldron
38%
2003 Brother Bear
37%
2001 Atlantis: The Lost Empire
36%
2008 Bolt
36%
2016 Zootopia
35%
2005 Chicken Little
31%
2002 Treasure Planet
30%
1986 The Great Mouse Detective
29%
2000 Dinosaur
28%
2007 Meet the Robinsons
27%
2004 Home on the Range
26%
1945 The Three Caballeros
23%
1946 Make Mine Music
22%
1948 Melody Time
22%
1947 Fun and Fancy Free
21%
1943 Saludos Amigos
21%
1977 The Many Adventures of Winnie the Pooh
20%
1949 The Adventures of Ichabod and Mr. Toad
19%
2018 Gigantic
6%
No matching quizzes found
Score Distribution
Percent of People with Each Score
Percentile by Number Answered
Your Score History
You have not taken this quiz